000 00549cam a22002053a 4500
001 40937
003 PGUSA
005 20140828083924.0
008 121005s2012||||xxu|||||s|||||000 | eng d
040 _aPGUSA
_beng
042 _adc
100 1 _aRoss, Albert
245 1 2 _aA New Sensation
_h[electronic resource] /
_cAlbert Ross
260 _bProject Gutenberg,
_c2012
506 _aPublic domain in the USA.
516 _aElectronic text
830 0 _aProject Gutenberg
_v40937
856 4 0 _uhttp://www.gutenberg.org/ebooks/40937
942 _cEB
999 _c270189
_d270189